000 00232nam a2200097Ia 4500
008 220204s9999 xx 000 0 und d
082 _aNR:62:006.73
_bSMR
245 0 _aSMR packing methods
260 _aKuala Lumpur
_bRRIM
942 _cBK
999 _c43407
_d43407